| 000 | 00894nam a22002417a 4500 | ||
|---|---|---|---|
| 005 | 20240530110505.0 | ||
| 008 | 151007s2012 ua g 000 0 ara d | ||
| 017 |
_a2011/20009 _bمصر . دار الكتب المصرية |
||
| 020 | _a9770527521 | ||
| 040 | _aEG-CaGPL | ||
| 082 | 0 | 4 |
_221 _a372.218\ _bم ت |
| 100 | 0 | _aمنى احمد الازهرى | |
| 245 | 1 | 2 |
_aالتربية الحركة لطفل ما قبل المدرسة / _cمنى احمد الازهرى |
| 260 |
_aالقاهرة : _bمكتبة الانجلو المصرية ، _c2012 . |
||
| 300 |
_a169 ص ؛ _c24 سم . |
||
| 650 | 0 | 4 |
_aالاطفال _xتربية |
| 650 | 0 | 4 |
_aالاطفال _xرعاية |
| 650 | 0 | 4 | _aالتربية البدنية للاطفال |
| 650 | 0 | 4 | _aرياض الاطفال |
| 650 | 0 | 4 | _aالتربية البدنية |
| 650 | 0 | 4 |
_aالمدرسون _xرياض الاطفال |
| 942 |
_2ddc _cBK |
||
| 999 |
_c61549 _d61549 |
||